00698 a2200205 450000500170000001000130001702000260003003500130005603700090006908200060007810000240008424500430010826000490015127000630020030000220026370000100028594200250029599900190032095201530033920240520113130.0 aB-759108 a9780143332626c299.00 aB-759108 bGift aS aBond, Ruskin966438 aUncle ,Aunts & Elephants/cRuskin Bond aGurgaonbPenguin Books India Pvt. Ltdc2014 a7th Floor Infinity Tower C,DLF Cyber CitybGurgaone122002 a240 p.c19 cm(Pb) 966330 adplcCH2ddchSmBON c203000d203000 001040708FICaZLSbZLSd2024-05-20eGift/20.5.24g299.00l4m4oS BONpB-759108r2026-05-18 13:41:32s2026-05-15t1v299.00w2024-05-20yCHzGift